| 000 | 00619nam a2200205 a 4500 | ||
|---|---|---|---|
| 001 | 2137 | ||
| 005 | 20221127090353.0 | ||
| 008 | 100613s lxxua | 00100 eng d | ||
| 020 |
_a0132457571 : _cSR221.00 |
||
| 035 | _a243 | ||
| 082 | 0 | 4 |
_a658.4032 _bT212 2010 |
| 100 | 1 | _aTaylor, Bernard W. | |
| 245 | 1 | 0 |
_aIntroduction to management science / _cBernard W. Taylor. |
| 250 | _a10th ed. | ||
| 260 |
_aUpper Saddle River, NJ : _bPearson/Prentice Hall, _c2010. |
||
| 300 |
_a831 p. : _bill. ; _c26 cm. |
||
| 504 | _aIncludes bibl. references and index. | ||
| 650 | 4 | _aManagement science. | |
| 650 | 4 | _aOperations research. | |
| 999 |
_c2135 _d2135 |
||